National Assembly Library of Thailand

Geometric morphometric and genetic diversity of honey bees (Apis mellifera Linnaeus, 1758) in Thailand / (ระเบียนเลขที่ 107439)

รายละเอียดในรูปแบบ MARC
000 -LEADER
fixed length control field 01456nam a2200253 4500
003 - CONTROL NUMBER IDENTIFIER
control field NALT
005 - DATE AND TIME OF LATEST TRANSACTION
control field 20251113140721.0
008 - FIXED-LENGTH DATA ELEMENTS--GENERAL INFORMATION
fixed length control field 251107b th ||||| |||| 00| 0 eng d
040 ## - CATALOGING SOURCE
Original cataloging agency NALT
050 ## - LIBRARY OF CONGRESS CALL NUMBER
Classification number QL 568.A6
Item number S57G 2020
100 0# - MAIN ENTRY--PERSONAL NAME
Personal name Siripan Buala.
9 (RLIN) 66917
245 10 - TITLE STATEMENT
Title Geometric morphometric and genetic diversity of honey bees (Apis mellifera Linnaeus, 1758) in Thailand /
Statement of responsibility, etc. Siripan Buala.
260 ## - PUBLICATION, DISTRIBUTION, ETC.
Place of publication, distribution, etc. Mahasarakham :
Name of publisher, distributor, etc. Mahasarakham University,
Date of publication, distribution, etc. 2020.
300 ## - PHYSICAL DESCRIPTION
Extent 121 p. :
Other physical details ill., tables, chart ;
Dimensions 30 cm.
505 2# - FORMATTED CONTENTS NOTE
Formatted contents note Chapter 1 Introduction --<br/>Chapter 2 Literature reviews --<br/>2.1 Classification of the genus Apis Linnaeus --<br/>2.2 Diversity and geographic distribution within the genus Apis --<br/>2.3 Benefits of honey bees --<br/>2.4 Origin and classification of Apis mellifera --<br/>2.5 Diversity of Apis mellifera races --<br/>2.6 Apis mellifera lineages and their distribution --<br/>2.7 Geometric morphometric --<br/>2.8 Genetic variation of A. mellifera --<br/>2.9 The western honey bee (Apis mellifera Linnaeus, 1758) in Thailand --<br/>Chapter 3 Research methodology --<br/>Chapter 4 Results --<br/>Chapter 5 Discussion and conclusion.
650 #0 - SUBJECT ADDED ENTRY--TOPICAL TERM
Topical term or geographic name entry element Bees
General subdivision Genetic aspects
9 (RLIN) 66963
650 #0 - SUBJECT ADDED ENTRY--TOPICAL TERM
Topical term or geographic name entry element Variation (Biology)
9 (RLIN) 66964
651 #0 - SUBJECT ADDED ENTRY--GEOGRAPHIC NAME
Geographic name Genetic Variation
9 (RLIN) 66965
942 ## - ADDED ENTRY ELEMENTS (KOHA)
Source of classification or shelving scheme Library of Congress Classification
Koha item type Research/Thesis
996 ## - STAFF PROCESSING RECORDS (NALT)
Staff name jidapa.t
Staff type ACQSTF
Acquisition or Cataloging date 2025-11-07
996 ## - STAFF PROCESSING RECORDS (NALT)
Staff name varee.k
Staff type LIBSTF
Acquisition or Cataloging date 2025-11-07
996 ## - STAFF PROCESSING RECORDS (NALT)
Staff name jamriang.p
Staff type CATSTF
Acquisition or Cataloging date 2025-11-11
998 ## - STAFF NAME (NALT)
-- 6650
-- นางสาววารี เกตุโฉม
รายการที่มีในห้องสมุด
Withdrawn status Lost status Source of classification or shelving scheme Damaged status Not for loan Collection code Home library Current library Shelving location Date acquired Total Checkouts Full call number Barcode Date last seen Price effective from Koha item type
    Library of Congress Classification     Research & Theses collection National Assembly Library of Thailand National Assembly Library of Thailand Research & Theses shelves 07/11/2025   Res QL 568.A6 S57G 2020 3961215780 07/11/2025 07/11/2025 Research/Thesis
หอสมุดรัฐสภา
สำนักงานเลขาธิการสภาผู้แทนราษฎร เลขที่ 1111 ถนนสามเสน แขวงถนนนครไชยศรี เขตดุสิต กรุงเทพฯ 10300
The Secretariat of the House of Representatives 1111 Samsen Road, Thanon Nakhon Chai Si, Dusit, Bangkok 10300, THAILAND
โทรศัพท์: +66(0) 2242 5900 ต่อ 5714-5 โทรสาร: +66(0) 2242 5990 อีเมล: [email protected]